<?xml version="1.0" encoding="UTF-8"?>
<collection xmlns="http://www.loc.gov/MARC21/slim">
 <record>
  <leader>02467nam a22003497a 4500</leader>
  <controlfield tag="001">NCT_3545</controlfield>
  <controlfield tag="008">171013b        xxu||||| |||| 00| 0 vie d</controlfield>
  <datafield tag="999" ind1=" " ind2=" ">
   <subfield code="c">179</subfield>
   <subfield code="d">179</subfield>
  </datafield>
  <datafield tag="020" ind1=" " ind2=" ">
   <subfield code="a">9786046620716</subfield>
   <subfield code="c">68000</subfield>
  </datafield>
  <datafield tag="082" ind1="1" ind2="4">
   <subfield code="2">22rd ed.</subfield>
   <subfield code="a">615.4</subfield>
   <subfield code="b">M312/T.2</subfield>
  </datafield>
  <datafield tag="100" ind1="1" ind2=" ">
   <subfield code="a">Võ Xuân Minh</subfield>
  </datafield>
  <datafield tag="245" ind1="1" ind2="0">
   <subfield code="a">Kỹ thuật bào chế và sinh dược học các dạng thuốc</subfield>
   <subfield code="b">: Sách đào tạo dược sĩ đại học</subfield>
   <subfield code="n">Tập 2</subfield>
   <subfield code="c">Võ Xuân Minh, Nguyễn Văn Long</subfield>
  </datafield>
  <datafield tag="250" ind1=" " ind2=" ">
   <subfield code="a">Tái bản lần 2</subfield>
  </datafield>
  <datafield tag="260" ind1=" " ind2=" ">
   <subfield code="a">H.</subfield>
   <subfield code="b">Y học</subfield>
   <subfield code="c">2016</subfield>
  </datafield>
  <datafield tag="300" ind1=" " ind2=" ">
   <subfield code="a">251 tr.</subfield>
   <subfield code="b">Minh họa</subfield>
   <subfield code="c">27 cm</subfield>
  </datafield>
  <datafield tag="500" ind1=" " ind2=" ">
   <subfield code="a">ĐTTS ghi: Bộ Y Tế</subfield>
  </datafield>
  <datafield tag="653" ind1=" " ind2=" ">
   <subfield code="a">Dược học</subfield>
  </datafield>
  <datafield tag="700" ind1="1" ind2=" ">
   <subfield code="a">Nguyễn Văn Long</subfield>
   <subfield code="e">Chủ biên</subfield>
  </datafield>
  <datafield tag="700" ind1="1" ind2=" ">
   <subfield code="a">Phạm Ngọc Bùng</subfield>
  </datafield>
  <datafield tag="700" ind1="1" ind2=" ">
   <subfield code="a">Phạm Thị Minh Huệ</subfield>
  </datafield>
  <datafield tag="700" ind1="1" ind2=" ">
   <subfield code="a">Vũ Văn Thảo</subfield>
  </datafield>
  <datafield tag="942" ind1=" " ind2=" ">
   <subfield code="2">ddc</subfield>
   <subfield code="c">BK</subfield>
  </datafield>
  <datafield tag="952" ind1=" " ind2=" ">
   <subfield code="0">0</subfield>
   <subfield code="1">0</subfield>
   <subfield code="2">ddc</subfield>
   <subfield code="4">0</subfield>
   <subfield code="6">615_400000000000000_M312_T_2</subfield>
   <subfield code="7">0</subfield>
   <subfield code="9">998</subfield>
   <subfield code="a">000001</subfield>
   <subfield code="b">000001</subfield>
   <subfield code="d">2017-10-13</subfield>
   <subfield code="l">8</subfield>
   <subfield code="o">615.4 M312/T.2</subfield>
   <subfield code="p">MD.01035</subfield>
   <subfield code="r">2021-03-02</subfield>
   <subfield code="s">2021-01-25</subfield>
   <subfield code="v">68000.00</subfield>
   <subfield code="w">2017-10-13</subfield>
   <subfield code="y">BK</subfield>
  </datafield>
  <datafield tag="952" ind1=" " ind2=" ">
   <subfield code="0">0</subfield>
   <subfield code="1">0</subfield>
   <subfield code="2">ddc</subfield>
   <subfield code="4">0</subfield>
   <subfield code="6">615_400000000000000_M312_T_2</subfield>
   <subfield code="7">0</subfield>
   <subfield code="9">999</subfield>
   <subfield code="a">000001</subfield>
   <subfield code="b">000001</subfield>
   <subfield code="d">2017-10-13</subfield>
   <subfield code="l">2</subfield>
   <subfield code="o">615.4 M312/T.2</subfield>
   <subfield code="p">MD.01036</subfield>
   <subfield code="q">2018-10-31</subfield>
   <subfield code="r">2018-10-17</subfield>
   <subfield code="s">2018-10-17</subfield>
   <subfield code="v">68000.00</subfield>
   <subfield code="w">2017-10-13</subfield>
   <subfield code="y">BK</subfield>
  </datafield>
  <datafield tag="952" ind1=" " ind2=" ">
   <subfield code="0">0</subfield>
   <subfield code="1">0</subfield>
   <subfield code="2">ddc</subfield>
   <subfield code="4">0</subfield>
   <subfield code="6">615_400000000000000_M312_T_2</subfield>
   <subfield code="7">0</subfield>
   <subfield code="9">1000</subfield>
   <subfield code="a">000001</subfield>
   <subfield code="b">000001</subfield>
   <subfield code="d">2017-10-13</subfield>
   <subfield code="l">7</subfield>
   <subfield code="o">615.4 M312/T.2</subfield>
   <subfield code="p">MD.01037</subfield>
   <subfield code="r">2020-07-06</subfield>
   <subfield code="s">2020-07-03</subfield>
   <subfield code="v">68000.00</subfield>
   <subfield code="w">2017-10-13</subfield>
   <subfield code="y">BK</subfield>
  </datafield>
  <datafield tag="952" ind1=" " ind2=" ">
   <subfield code="0">0</subfield>
   <subfield code="1">0</subfield>
   <subfield code="2">ddc</subfield>
   <subfield code="4">0</subfield>
   <subfield code="6">615_400000000000000_M312_T_2</subfield>
   <subfield code="7">0</subfield>
   <subfield code="9">1001</subfield>
   <subfield code="a">000001</subfield>
   <subfield code="b">000001</subfield>
   <subfield code="d">2017-10-13</subfield>
   <subfield code="o">615.4 M312/T.2</subfield>
   <subfield code="p">MD.01038</subfield>
   <subfield code="r">2017-10-13</subfield>
   <subfield code="v">68000.00</subfield>
   <subfield code="w">2017-10-13</subfield>
   <subfield code="y">BK</subfield>
  </datafield>
  <datafield tag="952" ind1=" " ind2=" ">
   <subfield code="0">0</subfield>
   <subfield code="1">0</subfield>
   <subfield code="2">ddc</subfield>
   <subfield code="4">0</subfield>
   <subfield code="6">615_400000000000000_M312_T_2</subfield>
   <subfield code="7">0</subfield>
   <subfield code="9">7254</subfield>
   <subfield code="a">000001</subfield>
   <subfield code="b">000001</subfield>
   <subfield code="d">2018-04-19</subfield>
   <subfield code="l">5</subfield>
   <subfield code="o">615.4 M312/T.2</subfield>
   <subfield code="p">MD.11948</subfield>
   <subfield code="r">2020-07-09</subfield>
   <subfield code="s">2020-07-06</subfield>
   <subfield code="v">68000.00</subfield>
   <subfield code="w">2018-04-19</subfield>
   <subfield code="y">BK</subfield>
  </datafield>
  <datafield tag="952" ind1=" " ind2=" ">
   <subfield code="0">0</subfield>
   <subfield code="1">0</subfield>
   <subfield code="2">ddc</subfield>
   <subfield code="4">0</subfield>
   <subfield code="6">615_400000000000000_M312_T_2</subfield>
   <subfield code="7">0</subfield>
   <subfield code="9">7255</subfield>
   <subfield code="a">000001</subfield>
   <subfield code="b">000001</subfield>
   <subfield code="d">2018-04-19</subfield>
   <subfield code="l">8</subfield>
   <subfield code="m">1</subfield>
   <subfield code="o">615.4 M312/T.2</subfield>
   <subfield code="p">MD.11949</subfield>
   <subfield code="r">2021-01-29</subfield>
   <subfield code="s">2021-01-22</subfield>
   <subfield code="v">68000.00</subfield>
   <subfield code="w">2018-04-19</subfield>
   <subfield code="y">BK</subfield>
  </datafield>
  <datafield tag="952" ind1=" " ind2=" ">
   <subfield code="0">0</subfield>
   <subfield code="1">0</subfield>
   <subfield code="2">ddc</subfield>
   <subfield code="4">0</subfield>
   <subfield code="6">615_400000000000000_M312_T_2</subfield>
   <subfield code="7">0</subfield>
   <subfield code="9">7256</subfield>
   <subfield code="a">000001</subfield>
   <subfield code="b">000001</subfield>
   <subfield code="d">2018-04-19</subfield>
   <subfield code="l">5</subfield>
   <subfield code="m">1</subfield>
   <subfield code="o">615.4 M312/T.2</subfield>
   <subfield code="p">MD.11950</subfield>
   <subfield code="r">2019-12-13</subfield>
   <subfield code="s">2019-12-13</subfield>
   <subfield code="v">68000.00</subfield>
   <subfield code="w">2018-04-19</subfield>
   <subfield code="y">BK</subfield>
  </datafield>
  <datafield tag="952" ind1=" " ind2=" ">
   <subfield code="0">0</subfield>
   <subfield code="1">0</subfield>
   <subfield code="2">ddc</subfield>
   <subfield code="4">0</subfield>
   <subfield code="6">615_400000000000000_M312_T_2</subfield>
   <subfield code="7">0</subfield>
   <subfield code="9">7257</subfield>
   <subfield code="a">000001</subfield>
   <subfield code="b">000001</subfield>
   <subfield code="d">2018-04-19</subfield>
   <subfield code="l">2</subfield>
   <subfield code="o">615.4 M312/T.2</subfield>
   <subfield code="p">MD.11951</subfield>
   <subfield code="r">2019-04-08</subfield>
   <subfield code="s">2019-03-19</subfield>
   <subfield code="v">68000.00</subfield>
   <subfield code="w">2018-04-19</subfield>
   <subfield code="y">BK</subfield>
  </datafield>
  <datafield tag="952" ind1=" " ind2=" ">
   <subfield code="0">0</subfield>
   <subfield code="1">0</subfield>
   <subfield code="2">ddc</subfield>
   <subfield code="4">0</subfield>
   <subfield code="6">615_400000000000000_M312_T_2</subfield>
   <subfield code="7">0</subfield>
   <subfield code="9">7258</subfield>
   <subfield code="a">000001</subfield>
   <subfield code="b">000001</subfield>
   <subfield code="d">2018-04-19</subfield>
   <subfield code="l">5</subfield>
   <subfield code="o">615.4 M312/T.2</subfield>
   <subfield code="p">MD.11952</subfield>
   <subfield code="r">2021-05-04</subfield>
   <subfield code="s">2021-04-20</subfield>
   <subfield code="v">68000.00</subfield>
   <subfield code="w">2018-04-19</subfield>
   <subfield code="y">BK</subfield>
  </datafield>
  <datafield tag="980" ind1=" " ind2=" ">
   <subfield code="a">Thư viện Trường Đại học Nam Cần Thơ</subfield>
  </datafield>
 </record>
</collection>
